| 000 | 00774cam a22002531 4500 | ||
|---|---|---|---|
| 001 | 5820 | ||
| 003 | BD-RjUL | ||
| 005 | 20211208234133.0 | ||
| 008 | 140107s1963 caub 001 0 eng | ||
| 035 | _a(BD-RjUL)5859 | ||
| 035 | _a(OCoLC)253078 | ||
| 040 |
_aDLC _cOClW _dOCoLC _dNBiSU _dBD-RjUL _beng |
||
| 041 | _aeng | ||
| 082 |
_a954.13 _bBAP 1963 |
||
| 100 | 1 |
_aBailey, F. G. _q(Frederick George) _918294 |
|
| 245 | 1 | 0 |
_aPolitics and social change : _bOrissa in 1959 / _c F. G. Bailey |
| 260 |
_aLondon ; _bUniversity of California Press, _c1963. |
||
| 300 |
_axviii, 241 p. : _bill. ; _c23 cm. |
||
| 504 | _aIncludes index. | ||
| 650 | 0 |
_aSocial change. _918295 |
|
| 651 | 0 |
_aOrissa (India) _xPolitics and government. _918296 |
|
| 942 |
_2ddc _cBK |
||
| 999 |
_c5820 _d5820 |
||